000 00644nam a22001937a 4500
999 _c169731
_d169731
005 20191202124654.0
010 _aENG-127035
020 _c295.00
_a9780199485291
035 _aEN-110567
037 _bDBAD/PUB
082 _a303.409
100 _aDas, Veena
245 _aCritical events :
_cby Veena Das
_ban anthropological perspective on contemporary India /
260 _aNew Delhi
_bOxford University Press
_c2018
270 _a23/4, Ground Floor, Ansari Road
_bDaryaganj , Delhi
_e110002
300 _a235p.
_c22cm(pbk)
500 _aIncludes bibliographical references and index
942 _2ddc
_cEN
_h303.409
_mDAS